Top 15 najpotężniejszych armii świata - Statystyki

Ogólne statystyki
  • Ten quiz został rozwiązany 216 razy
  • Średni wynik to 12 z 15
Statystyki odpowiedzi
Miejsce Kraj % Poprawnych
2 Rosja
100%
1 Stany Zjednoczone
99%
3 Chiny
97%
5 Francja
91%
10 Niemcy
91%
6 Japonia
88%
8 Wielka Brytania
86%
7 Korea Południowa
85%
15 Brazylia
82%
4 Indie
82%
11 Włochy
74%
9 Turcja
72%
12 Egipt
61%
13 Pakistan
55%
14 Indonezja
49%
Nie znaleziono quizów pasujących do podanych kryteriów
Rozkład punktacji
Procent ludzi z każdym wynikiem
Percentyl według liczby udzielonych odpowiedzi
Twoja historia wyników
Nie rozwiązałeś tego quizu